Statistiken für Ergebnisdiagramm der Fußball-Weltmeisterschaft 1998

Klicken Sie hier um das Quiz zu spielen!

Allgemein

  • Dieses Quiz wurde 58 mal gespielt
  • Das Durchschnittsergebnis liegt bei 21 aus 32

Antwortstatistiken

Nation % Korrekt
Deutschland
100%
Frankreich
100%
Argentinien
95%
Brasilien
95%
USA
93%
Niederlande
90%
England
88%
Kroatien
85%
Spanien
85%
Italien
83%
Belgien
78%
Mexiko
75%
Kamerun
73%
Kolumbien
73%
Iran
68%
Japan
65%
Südkorea
65%
Dänemark
65%
Chile
63%
Nigeria
63%
Österreich
63%
Paraguay
60%
Norwegen
55%
Schottland
53%
Saudi-Arabien
45%
Marokko
43%
Jugoslawien
43%
Bulgarien
43%
Südafrika
40%
Tunesien
40%
Rumänien
35%
Jamaika
25%

Verteilung der Resultate

Perzentil nach korrekt beantworteten Fragen

Anzahl Personen mit jedem Resultat

Ihre Resultats-Entwicklung

Sie haben dieses Quiz noch nicht gespielt